| 000 | 01420cam a2200361Ma 4500 | ||
|---|---|---|---|
| 001 | 85913 | ||
| 005 | 20230404125950.0 | ||
| 008 | 081124s2009 ncub b 001 0 eng d | ||
| 010 | _a 2008051090 | ||
| 035 | _a(OCoLC)ocn473643041 | ||
| 040 |
_aLVB _bfre _cLVB |
||
| 020 | _a9780822343462 (cloth : alk. paper) | ||
| 020 | _a0822343460 (cloth : alk. paper) | ||
| 020 | _a9780822343295 (pbk. : alk. paper) | ||
| 020 | _a0822343290 (pbk. : alk. paper) | ||
| 035 | _a(OCoLC)473643041 | ||
| 043 | _as-bl--- | ||
| 050 | 1 | 4 |
_a103 F 2651 _bW881p 2009 |
| 082 | 0 | 0 | _a306.2 |
| 100 | 1 |
_aWoodard, James P., _d1975- |
|
| 245 | 1 | 2 |
_aA place in politics : _bSão Paulo, Brazil, from seigneurial republicanism to regionalist revolt / _cJames P. Woodard. |
| 260 |
_aDurham : _bDuke University Press, _c2009. |
||
| 300 |
_axi, 403 p. : _bcartes. |
||
| 504 | _aIncludes bibliographical references (p. [369]-391) and index. | ||
| 505 | 8 | _aSao Paulo as a developing society -- A republic of layers -- War and the health of the state -- Knaves, pedants, and rebels -- An experiment in democracy -- Moments and truths. | |
| 650 | 0 |
_aPolitical culture _zBrazil _ São Paulo _xHistory. |
|
| 650 | 0 |
_aRegionalism _zBrazil _zSão Paulo _xHistory. |
|
| 651 | 6 |
_aSão Paulo (Brazil) _xPolitics and government _xHistory. |
|
| 651 | 6 |
_aBrazil _xPolitics and government _y1889- |
|
| 942 |
_2lcc _cbk |
||
| 994 |
_aC0 _bDRFGD |
||
| 946 | _almm | ||
| 999 |
_c8246 _d8246 |
||